[Event "African Games Rapid Open 2019"]
[Site "Casablanca"]
[Date "2019.08.27"]
[Round "7.4"]
[White "Osunfuyi, Abimbola"]
[Black "Mwale, Joseph"]
[Result "0-1"]
[WhiteElo "2235"]
[BlackElo "2231"]
[Annotator "NA"]
[PlyCount "66"]
[EventDate "2019.08.26"]
[EventType "team-tourn"]
[EventCountry "MAR"]
[SourceTitle "playchess.com"]
[Source "ChessBase"]
[SourceQuality "1"]
[TimeControl "900+10"]

1. d4 {[%emt 0:00:06]} Nf6 {[%emt 0:00:00]} 2. Nf3 {[%emt 0:00:03]} e6 {[%emt 0:00:00]} 3. g3 {[%emt 0:00:03]} d5 {[%emt 0:00:00]} 4. Bg2 {[%emt 0:00:03]} Be7 {[%emt 0:00:00]} 5. O-O {[%emt 0:00:15]} O-O {[%emt 0:00:00]} 6. c4 {[%emt 0:00:09]} dxc4 {[%emt 0:00:02]} 7. Qc2 {[%emt 0:00:23]} b5 {[%emt 0:00:05]} 8. a4 {[%emt 0:00:17]} b4 {[%emt 0:00:02]} 9. Ng5 {[%emt 0:01:47]} c6 {[%emt 0:00:31]} 10. Rd1 {[%emt 0:00:23]} Ba6 {[%emt 0:02:21]} 11. e4 {[%emt 0:00:14]} h6 {[%emt 0:00:18]} 12. Nh3 {[%emt 0:00:31]} Qa5 {[%emt 0:01:47]} 13. Be3 {[%emt 0:01:41]} Nbd7 {[%emt 0:00:24]} 14. Nd2 {[%emt 0:00:19]} Nb6 {[%emt 0:00:35]} 15. Bf1 {[%emt 0:01:32]} c5 {[%emt 0:02:22]} 16. Nf3 {[%emt 0:01:36]} Bb7 {[%emt 0:00:59]} 17. Nd2 {[%emt 0:00:07]} cxd4 {[%emt 0:01:54]} 18. Bxd4 {[%emt 0:00:02]} Rac8 {[%emt 0:00:02]} 19. Bxb6 {[%emt 0:00:51]} Qxb6 {[%emt 0:00:20]} 20. Bxc4 {[%emt 0:00:40]} Ng4 {[%emt 0:02:17]} 21. b3 {[%emt 0:00:57]} Bc5 {[%emt 0:00:20]} 22. Rf1 {[%emt 0:00:45]} e5 {[%emt 0:00:23]} 23. Qd1 {[%emt 0:00:35]} Qg6 {[%emt 0:00:15]} 24. Qe2 {[%emt 0:00:36]} Rfd8 {[%emt 0:00:42]} 25. Rad1 {[%emt 0:00:17]} Rd4 {[%emt 0:00:30]} 26. Kg2 {[%emt 0:01:13]} Rcd8 {[%emt 0:00:30]} 27. Ng1 {[%emt 0:00:55]} R4d6 {[%emt 0:01:29]} 28. h3 {[%emt 0:00:43]} Nxf2 {[%emt 0:00:10]} 29. Rxf2 {[%emt 0:00:53]} Bxf2 {[%emt 0:00:01]} 30. Qxf2 {[%emt 0:01:01]} Bxe4+ {[%emt 0:00:09]} 31. Ngf3 {[%emt 0:00:25]} Bxf3+ {[%emt 0:00:05]} 32. Nxf3 {[%emt 0:00:21]} Rxd1 {[%emt 0:00:03]} 33. Nxe5 {[%emt 0:00:04]} Qe4+ {[%emt 0:00:02]} 0-1

[Event "African Games Rapid Open 2019"]
[Site "Casablanca"]
[Date "2019.08.27"]
[Round "7.5"]
[White "Hamdouchi, Hicham"]
[Black "Aderito, Pedro"]
[Result "1-0"]
[WhiteElo "2562"]
[BlackElo "2301"]
[Annotator "ChessBase"]
[PlyCount "81"]
[EventDate "2019.08.26"]
[EventType "team-tourn"]
[EventCountry "MAR"]
[SourceTitle "playchess.com"]
[Source "ChessBase"]
[SourceQuality "1"]
[TimeControl "900+10"]

1. e4 {[%emt 0:00:00]} e6 {[%emt 0:00:00]} 2. d4 {[%emt 0:00:05]} d5 {[%emt 0:00:00]} 3. Nd2 {[%emt 0:00:02]} Nf6 {[%emt 0:00:00]} 4. e5 {[%emt 0:00:03]} Nfd7 {[%emt 0:00:01]} 5. Bd3 {[%emt 0:00:02]} c5 {[%emt 0:00:02]} 6. c3 {[%emt 0:00:01]} Nc6 {[%emt 0:00:02]} 7. Ne2 {[%emt 0:00:01]} cxd4 {[%emt 0:00:09]} 8. cxd4 {[%emt 0:00:01]} f6 {[%emt 0:00:04]} 9. exf6 {[%emt 0:00:02]} Nxf6 {[%emt 0:00:02]} 10. Nf3 {[%emt 0:00:08]} Bd6 {[%emt 0:00:03]} 11. Bf4 {[%emt 0:00:45]} O-O {[%emt 0:00:44]} 12. O-O {[%emt 0:00:16]} a6 {[%emt 0:01:39]} 13. a3 {[%emt 0:00:14]} Ng4 {[%emt 0:00:45]} 14. Bxd6 {[%emt 0:00:24]} Qxd6 {[%emt 0:00:03]} 15. Ng3 {[%emt 0:00:05]} Qf4 {[%emt 0:00:46]} 16. h3 {[%emt 0:01:21]} Nf6 {[%emt 0:00:27]} 17. Qc1 {[%emt 0:01:14]} Ne8 {[%emt 0:00:52]} 18. Qxf4 {[%emt 0:00:47]} Rxf4 {[%emt 0:00:02]} 19. Ne2 {[%emt 0:00:02]} Rf8 {[%emt 0:01:53]} 20. Ne5 {[%emt 0:00:02]} Nxe5 {[%emt 0:00:29]} 21. dxe5 {[%emt 0:00:02]} Bd7 {[%emt 0:00:22]} 22. Rac1 {[%emt 0:00:06]} g6 {[%emt 0:00:38]} 23. f4 {[%emt 0:00:15]} Kf7 {[%emt 0:00:10]} 24. Kf2 {[%emt 0:00:28]} Ke7 {[%emt 0:00:02]} 25. Ke3 {[%emt 0:00:02]} Kd8 {[%emt 0:00:11]} 26. Nd4 {[%emt 0:00:22]} Nc7 {[%emt 0:00:27]} 27. g4 {[%emt 0:00:48]} Re8 {[%emt 0:00:56]} 28. h4 {[%emt 0:00:07]} Rc8 {[%emt 0:00:30]} 29. h5 {[%emt 0:00:02]} gxh5 {[%emt 0:00:02]} 30. gxh5 {[%emt 0:00:02]} h6 {[%emt 0:00:24]} 31. Rg1 {[%emt 0:00:02]} Rh8 {[%emt 0:00:31]} 32. Rg7 {[%emt 0:01:58]} Ne8 {[%emt 0:01:11]} 33. Rxc8+ {[%emt 0:00:03]} Kxc8 {[%emt 0:00:25]} 34. Rg6 {[%emt 0:02:00]} Nc7 {[%emt 0:00:07]} 35. f5 {[%emt 0:00:02]} Be8 {[%emt 0:01:08]} 36. f6 {[%emt 0:00:20]} Kd8 {[%emt 0:00:14]} 37. Be2 {[%emt 0:00:20]} Bf7 {[%emt 0:00:22]} 38. Rg7 {[%emt 0:01:15]} Ke8 {[%emt 0:00:35]} 39. Kf4 {[%emt 0:00:32]} Kf8 {[%emt 0:00:23]} 40. Bg4 {[%emt 0:00:19]} Ke8 {[%emt 0:01:05]} 41. Bxe6 {[%emt 0:00:57]} 1-0

[Event "African Games Rapid Open 2019"]
[Site "Casablanca"]
[Date "2019.08.27"]
[Round "7.6"]
[White "Mphungu, Gerrard"]
[Black "Bellahcene, Bilel"]
[Result "0-1"]
[WhiteElo "2107"]
[BlackElo "2550"]
[Annotator "TA"]
[PlyCount "140"]
[EventDate "2019.08.26"]
[EventType "team-tourn"]
[EventCountry "MAR"]
[SourceTitle "playchess.com"]
[Source "ChessBase"]
[SourceQuality "1"]

{[%evp 9,140,39,76,75,81,44,46,38,31,27,35,50,33,29,34,32,22,8,3,0,81,64,75,-43,-41,-41,-31,-26,-33,-63,-67,-89,-91,-112,-106,-100,-80,-77,-75,-84,-80,-78,-75,-82,-82,-108,-92,-99,-103,-105,-92,-177,-87,-100,-93,-100,-100,-84,-95,-147,-154,-173,-158,-172,-172,-202,-202,-258,-197,-306,-265,-310,-264,-247,-237,-289,-297,-298,-250,-489,-477,-455,-444,-402,-397,-648,-616,-679,-618,-1000,-906,-5362,-1408,-1468,-1629,-909,-1356,-1882,-1834,-5085,-5081,-4882,-4611,-3699,-3038,-2647,-2418,-6676,-6414,-29976,-29977,-29979,-29979,-29981,-29982,-29983,-29984,-29984,-29984,-29984,-29985,-29986,-29987,-29987,-29987,-29987,-29988,-29988,-29989,-29989,-29990,-29990,-29991]} 1. d4 Na6 2. c4 e5 3. dxe5 d6 4. exd6 $146 ({Predecessor:} 4. Nf3 Bf5 5. Bg5 Qd7 6. Nc3 dxe5 7. Qxd7+ Bxd7 8. Nxe5 Be6 9. Bf4 {½-½ (39) Shankland,S (2668)-Ipatov,A (2665) Saint Louis 2018}) 4... Bxd6 5. Nf3 Bf5 6. Nc3 {A40: Unusual replies to 1 d4} Nf6 7. Bg5 h6 8. Bxf6 {White is slightly better.} Qxf6 9. Qd4 Qe7 10. Qd5 ({Much worse is} 10. Qxg7 O-O-O $15) 10... Bc8 11. a3 O-O 12. e3 Nc5 13. b4 c6 14. Qd1 $1 Be5 (14... Ne6 $11) 15. Nxe5 $16 Qxe5 {[#]} 16. Qd4 ({Only move:} 16. Rc1 $1 $16 Ne4 17. Qc2 Qxc3+ 18. Qxc3 Nxc3 19. Rxc3) 16... Qxd4 $15 17. exd4 Re8+ 18. Be2 Nb3 19. Ra2 Nxd4 20. O-O Be6 21. Rc1 Nxe2+ 22. Nxe2 b5 23. Nd4 Bxc4 24. Rac2 Rac8 25. h3 g6 26. Rc3 a6 27. Nc2 c5 28. bxc5 Rxc5 29. Ne3 Rec8 30. Nxc4 (30. f4 $17) 30... bxc4 $17 {[%mdl 4096] Endgame KRR-KRR} (30... Rxc4 $19 {has better winning chances.} 31. Rxc4 bxc4) 31. Kf1 Kf8 32. Ke2 Ke7 33. Ke3 Kd6 34. Kd4 (34. f3 $142) 34... Rf5 35. R1c2 {[#]} Rf4+ $1 36. Ke3 Ke5 37. f3 Rd4 38. g3 g5 39. Rc1 (39. Kf2 $142) 39... h5 40. R1c2 h4 41. gxh4 Rxh4 42. Rg2 f6 43. Rg4 Rxg4 ({Less strong is} 43... Rxh3 44. Rgxc4 Rch8 45. Rc5+ Ke6 46. Ra5 $17) 44. hxg4 $2 $19 {KR-KR} (44. fxg4 Rh8 45. Ke2) 44... Kd5 45. Rc1 Rb8 46. Rd1+ Ke5 47. Ra1 $2 (47. a4) 47... Rb3+ 48. Ke2 Kf4 49. a4 Rb2+ 50. Ke1 Kxf3 (50... Ke3 $142 51. Kd1 c3) 51. Rc1 Rb4 52. Kd2 Kxg4 53. Ra1 a5 54. Kc3 f5 55. Rg1+ Kh5 56. Rh1+ Kg6 57. Rd1 Rxa4 58. Rd5 g4 59. Kd4 {[#]} c3+ $1 {Black mates.} 60. Kxc3 Re4 61. Rxa5 g3 62. Ra2 Kg5 63. Kd3 Kg4 64. Rb2 Re8 65. Kd4 f4 66. Rb7 f3 67. Rg7+ Kh3 68. Rh7+ Kg2 69. Ra7 f2 70. Ra2 Kg1 {Accuracy: White = 36%, Black = 83%.} 0-1

[Event "African Games Rapid Open 2019"]
[Site "Casablanca"]
[Date "2019.08.27"]
[Round "7.7"]
[White "Zaibi, Amir"]
[Black "Silva, David"]
[Result "0-1"]
[WhiteElo "2367"]
[BlackElo "2239"]
[Annotator "NA"]
[PlyCount "84"]
[EventDate "2019.08.26"]
[EventType "team-tourn"]
[EventCountry "MAR"]
[SourceTitle "playchess.com"]
[Source "ChessBase"]
[SourceQuality "1"]
[TimeControl "900+10"]

1. e4 {[%emt 0:00:00]} e5 {[%emt 0:00:00]} 2. Bc4 {[%emt 0:00:00]} Nc6 {[%emt 0:00:02]} 3. Nc3 {[%emt 0:00:00]} Nf6 {[%emt 0:00:01]} 4. d3 {[%emt 0:00:02]} Bc5 {[%emt 0:00:08]} 5. f4 {[%emt 0:00:04]} d6 {[%emt 0:00:11]} 6. Nf3 {[%emt 0:00:01]} Na5 {[%emt 0:00:43]} 7. f5 {[%emt 0:02:20]} c6 {[%emt 0:01:40]} 8. Qe2 {[%emt 0:01:38]} O-O {[%emt 0:00:30]} 9. Bb3 {[%emt 0:00:23]} d5 {[%emt 0:03:42]} 10. Bg5 {[%emt 0:00:09]} d4 {[%emt 0:00:12]} 11. Nb1 {[%emt 0:00:59]} Nxb3 {[%emt 0:00:21]} 12. axb3 {[%emt 0:00:02]} Be7 {[%emt 0:00:02]} 13. Bxf6 {[%emt 0:00:33]} Bxf6 {[%emt 0:00:04]} 14. h4 {[%emt 0:00:02]} Re8 {[%emt 0:02:51]} 15. g4 {[%emt 0:00:22]} Be7 {[%emt 0:00:01]} 16. Nbd2 {[%emt 0:00:07]} Bf8 {[%emt 0:00:10]} 17. Kf2 {[%emt 0:00:27]} a5 {[%emt 0:00:18]} 18. Nf1 {[%emt 0:01:07]} b5 {[%emt 0:00:03]} 19. Ng3 {[%emt 0:00:10]} c5 {[%emt 0:00:01]} 20. g5 {[%emt 0:00:25]} Ra6 {[%emt 0:00:01]} 21. Rag1 {[%emt 0:00:47]} a4 {[%emt 0:00:01]} 22. h5 {[%emt 0:00:18]} c4 {[%emt 0:00:06]} 23. f6 {[%emt 0:02:25]} axb3 {[%emt 0:00:14]} 24. fxg7 {[%emt 0:00:26]} Bxg7 {[%emt 0:00:01]} 25. h6 {[%emt 0:01:00]} Bh8 {[%emt 0:00:19]} 26. Nh5 {[%emt 0:00:26]} Kf8 {[%emt 0:00:01]} 27. cxb3 {[%emt 0:00:51]} c3 {[%emt 0:00:10]} 28. bxc3 {[%emt 0:01:01]} dxc3 {[%emt 0:00:01]} 29. Qe3 {[%emt 0:01:24]} Qb6 {[%emt 0:02:32]} 30. Qxb6 {[%emt 0:00:27]} Rxb6 {[%emt 0:00:02]} 31. b4 {[%emt 0:00:00]} Rd6 {[%emt 0:00:22]} 32. Ke3 {[%emt 0:00:11]} Red8 {[%emt 0:00:03]} 33. Rd1 {[%emt 0:00:02]} Bg4 {[%emt 0:00:09]} 34. Ng3 {[%emt 0:00:23]} c2 {[%emt 0:00:05]} 35. Rd2 {[%emt 0:00:03]} Bxf3 {[%emt 0:00:02]} 36. Kxf3 {[%emt 0:00:01]} Rxd3+ {[%emt 0:00:06]} 37. Rxd3 {[%emt 0:00:57]} Rxd3+ {[%emt 0:00:03]} 38. Kg2 {[%emt 0:00:23]} Rd2+ {[%emt 0:00:28]} 39. Ne2 {[%emt 0:00:43]} Rxe2+ {[%emt 0:00:07]} 40. Kf3 {[%emt 0:00:01]} Rd2 {[%emt 0:00:05]} 41. Rc1 {[%emt 0:00:09]} f6 {[%emt 0:00:20]} 42. Ke3 {[%emt 0:00:02]} Rh2 {[%emt 0:00:04]} 0-1

[Event "African Games Rapid Open 2019"]
[Site "Casablanca"]
[Date "2019.08.27"]
[Round "7.8"]
[White "Makoto, Rodwell"]
[Black "Elarabi, Abobker Mohamed"]
[Result "1-0"]
[WhiteElo "2373"]
[BlackElo "2326"]
[Annotator "NA"]
[PlyCount "98"]
[EventDate "2019.08.26"]
[EventType "team-tourn"]
[EventCountry "MAR"]
[SourceTitle "playchess.com"]
[Source "ChessBase"]
[SourceQuality "1"]
[TimeControl "900+10"]

1. Nf3 {[%emt 0:00:00]} d5 {[%emt 0:00:00]} 2. c4 {[%emt 0:00:00]} c6 {[%emt 0:00:00]} 3. g3 {[%emt 0:00:00]} Nf6 {[%emt 0:00:00]} 4. Bg2 {[%emt 0:00:00]} g6 {[%emt 0:00:33]} 5. b3 {[%emt 0:00:00]} Bg7 {[%emt 0:00:01]} 6. Bb2 {[%emt 0:00:00]} O-O {[%emt 0:00:02]} 7. O-O {[%emt 0:00:00]} e6 {[%emt 0:00:09]} 8. d3 {[%emt 0:00:00]} Nbd7 {[%emt 0:00:01]} 9. Nbd2 {[%emt 0:00:01]} b6 {[%emt 0:00:00]} 10. e4 {[%emt 0:00:08]} Bb7 {[%emt 0:00:12]} 11. Qe2 {[%emt 0:00:49]} Re8 {[%emt 0:01:12]} 12. Rac1 {[%emt 0:00:33]} Rc8 {[%emt 0:00:02]} 13. Rfd1 {[%emt 0:00:23]} dxc4 {[%emt 0:00:08]} 14. Nxc4 {[%emt 0:00:21]} Qc7 {[%emt 0:02:41]} 15. e5 {[%emt 0:00:23]} Nd5 {[%emt 0:00:33]} 16. Nd6 {[%emt 0:00:10]} Red8 {[%emt 0:00:24]} 17. Nxc8 {[%emt 0:00:15]} Qxc8 {[%emt 0:00:19]} 18. Nd2 {[%emt 0:00:23]} Qb8 {[%emt 0:00:20]} 19. d4 {[%emt 0:00:19]} c5 {[%emt 0:00:17]} 20. Nc4 {[%emt 0:00:34]} cxd4 {[%emt 0:00:11]} 21. Bxd4 {[%emt 0:00:04]} Qa8 {[%emt 0:01:23]} 22. Qe1 {[%emt 0:03:46]} Bf8 {[%emt 0:00:08]} 23. Nd6 {[%emt 0:00:21]} Qb8 {[%emt 0:00:22]} 24. Nxb7 {[%emt 0:00:03]} Qxb7 {[%emt 0:00:02]} 25. Bxd5 {[%emt 0:00:27]} exd5 {[%emt 0:01:00]} 26. e6 {[%emt 0:00:03]} Re8 {[%emt 0:00:11]} 27. exf7+ {[%emt 0:00:02]} Kxf7 {[%emt 0:00:02]} 28. Qc3 {[%emt 0:00:10]} Bc5 {[%emt 0:03:23]} 29. Qf3+ {[%emt 0:00:06]} Kg8 {[%emt 0:00:03]} 30. Bxc5 {[%emt 0:00:35]} Nxc5 {[%emt 0:00:06]} 31. Qxd5+ {[%emt 0:00:15]} Qxd5 {[%emt 0:00:02]} 32. Rxd5 {[%emt 0:00:01]} Re7 {[%emt 0:02:01]} 33. b4 {[%emt 0:00:03]} Na6 {[%emt 0:00:15]} 34. a3 {[%emt 0:00:16]} Nc7 {[%emt 0:00:19]} 35. Rd8+ {[%emt 0:00:10]} Kf7 {[%emt 0:00:28]} 36. Rcd1 {[%emt 0:00:05]} Nb5 {[%emt 0:00:04]} 37. R1d3 {[%emt 0:00:33]} h5 {[%emt 0:01:27]} 38. a4 {[%emt 0:00:23]} Nc7 {[%emt 0:00:05]} 39. R8d7 {[%emt 0:00:09]} Na6 {[%emt 0:00:02]} 40. Rxe7+ {[%emt 0:00:11]} Kxe7 {[%emt 0:00:01]} 41. Rd4 {[%emt 0:00:04]} Ke6 {[%emt 0:00:12]} 42. f4 {[%emt 0:00:08]} Nc7 {[%emt 0:00:07]} 43. Kf2 {[%emt 0:00:15]} Nd5 {[%emt 0:00:22]} 44. Kf3 {[%emt 0:00:09]} Nc3 {[%emt 0:00:56]} 45. a5 {[%emt 0:00:11]} bxa5 {[%emt 0:00:03]} 46. bxa5 {[%emt 0:00:01]} Nb5 {[%emt 0:00:16]} 47. Re4+ {[%emt 0:00:08]} Kf6 {[%emt 0:00:23]} 48. Rc4 {[%emt 0:00:04]} Ke6 {[%emt 0:00:11]} 49. Rc8 {[%emt 0:00:30]} Kd5 {Ke4+} 1-0

[Event "African Games Rapid Open 2019"]
[Site "Casablanca"]
[Date "2019.08.27"]
[Round "7.9"]
[White "Khetho, Phemelo"]
[Black "Tissir, Mohamed"]
[Result "1/2-1/2"]
[WhiteElo "2178"]
[BlackElo "2379"]
[Annotator "NA"]
[PlyCount "97"]
[EventDate "2019.08.26"]
[EventType "team-tourn"]
[EventCountry "MAR"]
[SourceTitle "playchess.com"]
[Source "ChessBase"]
[SourceQuality "1"]
[TimeControl "900+10"]

1. e4 {[%emt 0:00:00]} d6 {[%emt 0:00:00]} 2. d4 {[%emt 0:00:00]} g6 {[%emt 0:00:00]} 3. Nc3 {[%emt 0:00:00]} Bg7 {[%emt 0:00:00]} 4. Nf3 {[%emt 0:00:04]} Nd7 {[%emt 0:00:00]} 5. Be2 {[%emt 0:00:13]} e5 {[%emt 0:00:32]} 6. Be3 {[%emt 0:00:07]} Ngf6 {[%emt 0:00:06]} 7. h3 {[%emt 0:00:03]} O-O {[%emt 0:00:04]} 8. Qd2 {[%emt 0:00:03]} exd4 {[%emt 0:00:06]} 9. Nxd4 {[%emt 0:00:08]} Re8 {[%emt 0:00:31]} 10. f3 {[%emt 0:00:25]} d5 {[%emt 0:00:18]} 11. exd5 {[%emt 0:00:30]} Nb6 {[%emt 0:00:15]} 12. O-O-O {[%emt 0:00:31]} Nbxd5 {[%emt 0:00:04]} 13. Nxd5 {[%emt 0:03:07]} Nxd5 {[%emt 0:00:39]} 14. Nb3 {[%emt 0:00:09]} Qe7 {[%emt 0:01:58]} 15. Bg5 {[%emt 0:00:51]} Qxe2 {[%emt 0:00:53]} 16. Qxe2 {[%emt 0:00:06]} Rxe2 {[%emt 0:00:01]} 17. Rxd5 {[%emt 0:00:03]} Be6 {[%emt 0:00:16]} 18. Rd2 {[%emt 0:00:02]} Rxd2 {[%emt 0:00:07]} 19. Bxd2 {[%emt 0:00:01]} b6 {[%emt 0:00:10]} 20. Bc3 {[%emt 0:00:31]} Rd8 {[%emt 0:00:43]} 21. Bxg7 {[%emt 0:00:10]} Kxg7 {[%emt 0:00:01]} 22. Nd2 {[%emt 0:00:14]} f5 {[%emt 0:00:14]} 23. Re1 Kf6 24. b3 {[%emt 0:00:21]} Rd7 {[%emt 0:00:53]} 25. c4 {[%emt 0:00:50]} Bf7 {[%emt 0:00:33]} 26. Kc2 {[%emt 0:00:14]} g5 {[%emt 0:02:15]} 27. g3 {[%emt 0:00:44]} Bg6 {[%emt 0:01:00]} 28. f4 {[%emt 0:00:31]} gxf4 {[%emt 0:00:03]} 29. gxf4 Bh5 30. Kc3 {[%emt 0:00:19]} Rg7 {[%emt 0:00:19]} 31. Re3 {[%emt 0:00:40]} Rg2 {[%emt 0:00:02]} 32. Rd3 {[%emt 0:00:27]} Rh2 {[%emt 0:02:07]} 33. a3 {[%emt 0:00:11]} Be2 {[%emt 0:00:10]} 34. Re3 {[%emt 0:00:13]} h5 {[%emt 0:00:28]} 35. b4 {[%emt 0:00:14]} h4 {[%emt 0:00:05]} 36. c5 {[%emt 0:00:22]} Rg2 {[%emt 0:00:29]} 37. Nb3 {[%emt 0:00:13]} Bf1 {[%emt 0:00:15]} 38. Nd4 {[%emt 0:00:53]} Rg3 {[%emt 0:00:06]} 39. Kd2 {[%emt 0:00:02]} Rxh3 {[%emt 0:01:10]} 40. Rxh3 {[%emt 0:00:33]} Bxh3 {[%emt 0:00:01]} 41. Nf3 {[%emt 0:00:01]} Bg2 {[%emt 0:00:09]} 42. Nxh4 {[%emt 0:00:02]} Be4 {[%emt 0:00:03]} 43. Ke3 {[%emt 0:00:07]} bxc5 {[%emt 0:00:39]} 44. bxc5 {[%emt 0:00:01]} a5 {[%emt 0:00:08]} 45. Kd4 {[%emt 0:00:07]} a4 {[%emt 0:04:25]} 46. Kc4 {[%emt 0:00:06]} Bc6 {[%emt 0:00:09]} 47. Kd4 {[%emt 0:00:02]} Be4 {[%emt 0:00:02]} 48. Kc4 {[%emt 0:00:01]} Bc6 {[%emt 0:00:00]} 49. Kd4 {[%emt 0:00:01] Ke5+} 1/2-1/2

[Event "African Games Rapid Open 2019"]
[Site "Casablanca"]
[Date "2019.08.27"]
[Round "7.10"]
[White "Gohil, Mehul"]
[Black "Ssegwanyi, Arthur"]
[Result "0-1"]
[WhiteElo "2076"]
[BlackElo "2335"]
[Annotator "NA"]
[PlyCount "68"]
[EventDate "2019.08.26"]
[EventType "team-tourn"]
[EventCountry "MAR"]
[SourceTitle "playchess.com"]
[Source "ChessBase"]
[SourceQuality "1"]
[TimeControl "900+10"]

1. d4 {[%emt 0:00:35]} d5 {[%emt 0:00:00]} 2. c4 {[%emt 0:00:08]} e6 {[%emt 0:00:00]} 3. Nc3 {[%emt 0:00:03]} c5 {[%emt 0:00:11]} 4. cxd5 {[%emt 0:00:24]} cxd4 {[%emt 0:00:07]} 5. Qxd4 {[%emt 0:00:23]} Nc6 {[%emt 0:00:03]} 6. Qa4 {[%emt 0:00:48]} exd5 {[%emt 0:00:09]} 7. Bf4 {[%emt 0:00:29]} Bb4 {[%emt 0:02:46]} 8. a3 {[%emt 0:02:26]} Ba5 {[%emt 0:01:31]} 9. e3 {[%emt 0:00:27]} Qf6 {[%emt 0:03:53]} 10. Rc1 {[%emt 0:02:12]} Nge7 {[%emt 0:01:04]} 11. Nf3 {[%emt 0:00:21]} O-O {[%emt 0:00:37]} 12. Be2 {[%emt 0:00:25]} h6 {[%emt 0:00:33]} 13. O-O {[%emt 0:00:26]} Bf5 {[%emt 0:01:28]} 14. Rfd1 {[%emt 0:00:53]} Rad8 {[%emt 0:00:04]} 15. b4 {[%emt 0:02:38]} Bb6 {[%emt 0:00:33]} 16. b5 {[%emt 0:00:56]} Na5 {[%emt 0:00:16]} 17. Qb4 {[%emt 0:00:25]} Rfe8 {[%emt 0:01:02]} 18. Na4 {[%emt 0:00:17]} Ng6 {[%emt 0:00:50]} 19. Bg3 {[%emt 0:00:13]} Re4 {[%emt 0:00:05]} 20. Nd4 {[%emt 0:00:11]} Bxd4 {[%emt 0:00:14]} 21. Rxd4 {[%emt 0:00:07]} b6 {[%emt 0:00:06]} 22. Rcd1 {[%emt 0:00:23]} Rxd4 {[%emt 0:00:10]} 23. Qxd4 {[%emt 0:00:38]} Qe7 {[%emt 0:00:33]} 24. Qb4 {[%emt 0:00:25]} Bc2 {[%emt 0:00:17]} 25. Rd2 {[%emt 0:01:32]} Bxa4 {[%emt 0:00:21]} 26. Qxa4 {[%emt 0:00:03]} Ne5 {[%emt 0:00:36]} 27. Bxe5 {[%emt 0:00:24]} Qxe5 {[%emt 0:00:02]} 28. g3 {[%emt 0:00:10]} Qc3 {[%emt 0:00:25]} 29. Rc2 {[%emt 0:00:18]} Qe1+ 30. Kg2 Rd6 {[%emt 0:00:23]} 31. Bd3 {[%emt 0:00:26]} Rd8 {[%emt 0:01:08]} 32. Rc7 {[%emt 0:00:17]} d4 {[%emt 0:00:22]} 33. exd4 {[%emt 0:00:23]} Qe6 {[%emt 0:00:02]} 34. Be2 {[%emt 0:00:24]} Qxe2 {[%emt 0:00:05]} 0-1

[Event "African Games Rapid Open 2019"]
[Site "Casablanca"]
[Date "2019.08.27"]
[Round "7.11"]
[White "Gole, Habtamu Ashenafi"]
[Black "Chumfwa, Stanley"]
[Result "0-1"]
[WhiteElo "2046"]
[BlackElo "2317"]
[Annotator "TA"]
[PlyCount "132"]
[EventDate "2019.08.26"]
[EventType "team-tourn"]
[EventCountry "MAR"]
[SourceTitle "playchess.com"]
[Source "ChessBase"]
[SourceQuality "1"]

{[%evp 20,132,41,45,53,25,57,34,39,37,82,51,62,63,58,35,37,25,29,18,59,30,47,33,39,20,58,-21,11,-55,-29,-11,43,17,51,51,47,-23,-24,-41,0,0,0,-58,0,0,15,0,195,184,170,170,402,392,401,356,568,560,512,0,0,0,0,0,39,60,22,0,0,-106,-18,-31,8,8,136,0,0,0,0,0,0,0,8,8,8,-8,-17,-182,0,-823,-814,-2152,-2038,-1835,-1725,-1275,-827,-2603,-2603,-2032,-1408,-12799,-1889,-2533,-1916,-5089,-4698,-3213,-2351,-29975,-29972,-29977,-29976,-29985,-29985]} 1. d4 Nf6 2. c4 g6 3. Nc3 Bg7 4. e4 d6 5. Be3 O-O 6. f3 e5 7. d5 c6 8. Qd2 cxd5 9. cxd5 a6 10. Nge2 Nbd7 11. Ng3 b5 {E89: King's Indian: Sämisch: 6...e5 7 d5 c6 8 Nge2 cxd5} (11... Ne8 12. Be2 h5 13. O-O h4 14. Nh1 f5 15. exf5 gxf5 16. f4 Ndf6 17. Nf2 b5 18. b4 e4 19. Bd4 {½-½ (66) Ghaem Maghami,E (2599)-Sasikiran,K (2694) Beijing 2008}) 12. Be2 Nb6 13. b3 h5 {White is slightly better.} 14. O-O Bd7 15. Bd3 $146 ({Predecessor:} 15. Rac1 h4 16. Nh1 Nh5 17. Bg5 Bf6 18. Bxf6 Qxf6 19. Nf2 {½-½ (41) Yoshioka,A (1947)-Reis Junior,E (2039) Sao Paulo 2017}) 15... h4 16. Nh1 Nh5 17. Bg5 Bf6 18. Bxf6 Qxf6 19. Ne2 g5 20. Qe3 Rab8 21. Nf2 Nf4 22. Rfc1 Kg7 23. Ng4 ({Better is} 23. Rc7 $14) 23... Qe7 24. Rc3 (24. Rc2 $11) 24... f5 $1 $15 {[%cal Rf5g4]} 25. Nf2 {[#]} Nfxd5 $1 {[%mdl 512]} 26. exd5 $14 Nxd5 {[%mdl 64] Double Attack} 27. Qd2 Nxc3 28. Qxc3 (28. Nxc3 $14 Be6 29. Re1) 28... d5 29. Re1 b4 30. Qd2 Qf6 31. Nh3 (31. Bb1 $11) 31... f4 ({Black should try} 31... g4 $1 $15 32. Ng5 Kh8) 32. Nf2 $11 Rfd8 33. Bb1 Bf5 $2 (33... e4 $11 34. fxe4 (34. Qxd5 Bf5 $11) 34... dxe4) 34. Bxf5 $18 Qxf5 35. Ng4 e4 $2 (35... Kf8 36. Nc1 e4) 36. Nd4 Qg6 37. Qb2 Kg8 {[#]} (37... Kh7 $142 38. Ne5 Qf6) 38. Nf5 $1 {[%mdl 512] Strongly threatening Ne7+.} Rb7 (38... Qxf5 39. Nh6+) 39. Ngh6+ $2 ({White must play} 39. Qe5 $18) 39... Kh7 $11 40. fxe4 dxe4 41. Qe5 Re8 42. Qd5 Qb6+ 43. Kh1 {Hoping for Nd6.} Qb5 44. Qxb5 (44. Qd1 $11 {keeps the balance.} Qc6 45. Ng4) 44... axb5 (44... Rxb5 $17 45. Nd6 {[%mdl 64] Double Attack} Kxh6 46. Nxe8 e3) 45. Nd6 {[%mdl 64] Double Attack} Ree7 {Threatens to win with ...Rbd7.} (45... Kxh6 {with more complications.} 46. Nxb7 e3 47. Kg1 Rc8 48. Nd6 Rc5) 46. Nxb7 Kxh6 {[%mdl 4096] Endgame KRN-KR} (46... Rxb7 $11 47. Ng4 e3) 47. Nc5 (47. Nd6 $16 {aiming for Nf5+.} Re6 48. Nxb5 (48. Nxe4 Kg6 $11)) 47... e3 48. h3 Kg6 49. Nd3 Kf5 50. Nxb4 g4 51. hxg4+ Kxg4 52. Nd5 Re5 53. Nf6+ $2 (53. Nc3 $1 $11 {and White stays safe.}) 53... Kg3 $2 (53... Kf5 $19 54. Nd7 Rd5) 54. Nd7 $2 {[%mdl 8192]} (54. Rf1 $11 h3 55. Rf3+ Kh4 56. Rxf4+ Kg5 57. Rf1) 54... Re7 $19 55. Nf6 Kf2 56. Rg1 e2 57. Kh2 e1=Q 58. Ng4+ Ke2 {( -> ...Qg3+)} 59. Rxe1+ Kxe1 {KR-KN} 60. a4 b4 (60... bxa4 $142 61. bxa4 {[#]} h3 $1 {[%mdl 576] Decoy} 62. Kxh3 Rh7+ 63. Nh6 Rxh6+ 64. Kg4 Rf6) 61. Kh3 Kf1 62. Nh2+ Kf2 63. Ng4+ Kg1 64. Nf6 Re3+ {Black mates.} 65. Kxh4 Kxg2 66. Ng4 Rxb3 {Accuracy: White = 39%, Black = 39%.} 0-1